| 000 | 00376nam a2200145 4500 | ||
|---|---|---|---|
| 999 |
_c620 _d620 |
||
| 008 | 191106b ||||| |||| 00| 0 eng d | ||
| 082 | 0 | 0 |
_a621.19 _bM4381 |
| 100 |
_9135 _aMatthews, F. J. |
||
| 245 | 1 | 0 |
_aBoiler Feed Water Treatment _cby F. J. Matthews |
| 250 | _a3rd ed. | ||
| 260 |
_aLondon _bHutchinson _c1948 |
||
| 300 | _a207 p. | ||
| 650 | 0 | _aSteam Boilers | |
| 942 |
_2ddc _cBK |
||